| 000 | 01768cam a22004574i 4500 | ||
|---|---|---|---|
| 003 | PE-LiUPU | ||
| 005 | 20250731172747.0 | ||
| 008 | 150617s r 000 0 d | ||
| 035 | _a(Sirsi) a12272 | ||
| 040 |
_aPE-LiUPU _bspa _cPE-LiUPU _erda |
||
| 049 | _aPRUA | ||
| 082 | 0 | 4 |
_a234.8 _bLL11 _221 |
| 100 | 1 |
_aLloyd, Marjorie Lewis, _eautor. |
|
| 245 | 1 | 0 |
_aGod is in a hurry / _cMarjorie Lewis Lloyd. |
| 264 | 1 |
_aWashington : _bReview and Herald Publishing Association, _c1976. |
|
| 300 |
_a64 páginas ; _c20 cm. |
||
| 336 |
_atext _2rdacontent |
||
| 337 |
_aunmediated _2rdamedia |
||
| 338 |
_avolume _2rdacarrier |
||
| 505 | 0 | _aGod is in a hurry -- The winds of change -- Aladdin in the air force -- Providence interrupts -- Junior executive -- In the meantime -- The listening days -- Personal brush fires -- What was God saying? -- Money problems -- The call that couldn't happen -- Camera one -- There went my religion -- God didn't have time -- Morning can't wait!. | |
| 526 | _aSEG42 | ||
| 526 | _aSEG41 | ||
| 526 | _aSEG40 | ||
| 526 | _aSEG39 | ||
| 526 | _aP94 | ||
| 526 | _aP87 | ||
| 526 | _aP86 | ||
| 526 | _aP85 | ||
| 526 | _aP77 | ||
| 526 | _aP76 | ||
| 526 | _aP35 | ||
| 600 | 1 |
_aKing, Stephen. _d1947- |
|
| 650 | 0 | 4 |
_aConversión. _91302 |
| 910 |
_ajck _bjvq _cjck _d20150616 |
||
| 942 |
_2ddc _cBOOK |
||
| 949 |
_a234.8 LL11 _wDEWEY _c1 _i10944 _lCCODEBUL1 _mBUL _p00.00 _r0 _sY _tBOOK _u19930531 _xTEOLOGIA _PP35 _0COMPRA _o.STAFF. Colección general |
||
| 994 |
_aC0 _bPEPRU |
||
| 596 | _a1 | ||
| 999 |
_a234.8 LL11 _wDEWEY _c2512 _i10944 _f2021-11-10 _g5 _lCCODEBUL1 _mBUL _r0 _sY _tBOOK _u2015-6-17 _xTEOLOGIA _PP35 _0COMPRA _o.STAFF. Colección general _d2512 |
||
| 980 |
_81 _gALBERTO SANCHEZ Responsable de Automatización |
||